Word Ladder: 2019 Hit Song Quiz Stats

 Plays Quiz Updated Jun 11, 2019

Score 0/22 Timer 02:30
0 Plays Today
Clue 3/4-Letter Word % Correct
Not highLOW
96.5%
Opposite of lessMORE
94.5%
Pot coverLID
93.3%
SumADD
92.8%
Early portion of the dayMORN
91.9%
HelpAID
91.4%
Not even; strangeODD
91.2%
Flex the kneeBEND
90.3%
RippedTORN
90.3%
Femur or coccyx, e.g.BONE
89.8%
'Tee hee' when textingLOL
89.3%
Clue 3/4-Letter Word % Correct
Peruse a bookREAD
87.2%
Connection between atomsBOND
87%
Cause ennuiBORE
86.2%
Legislative resultLAW
86.2%
Bit of a necklaceBEAD
85.6%
♫ Singer of the hit song [6] [11] X ♫♫ LIL ♫
81.5%
Slangy negativeNAW
80.1%
♫ 2019 hit song: [1] [12] [22] ♫♫ OLD♫
62.3%
♫ 2019 hit song: [1] [12] [22] ♫♫ TOWN ♫
42%
♫ 2019 hit song: [1] [12] [22] ♫♫ ROAD ♫
41.1%
♫ Singer of the hit song [6] [11] X ♫♫ NAS ♫
39.4%

Today's Daily Dose

You're not logged in!

Compare scores with friends on all Sporcle quizzes.
OR
Log In

Sporcle TV

Today on Sporcle TV


Watch our educational content, quiz creation guides, and fun videos on Sporcle TV.

Show Comments

Extras

Top Quizzes Today


Score Distribution

Your Account Isn't Verified!

In order to create a playlist on Sporcle, you need to verify the email address you used during registration. Go to your Sporcle Settings to finish the process.

Report this User

Report this user for behavior that violates our Community Guidelines.

Details: